000 00523nmm a2200157Ia 4500
008 251105s9999||||xx |||||||||||||||||und||
020 _a9789588378855
041 _aspa
100 _aPardo Motta, Diego Nicolás
245 0 _aLaureano Gómez y su proyecto de reforma constitucional (1951-1953)
264 _a[Bogotá, Colombia] :
_bUniversidad del Rosario,
_c2008
300 _a188 páginas
650 _aHistory of the Americas: Latin America
856 _uhttps://public.digitaliapublishing.com/a/10272
942 _cCF
999 _c96608
_d96608